Indian foreign policy / (Record no. 96655)

MARC details
000 -LEADER
fixed length control field 00692nam a22002177a 4500
005 - DATE AND TIME OF LATEST TRANSACTION
control field 20151105115852.0
010 ## - LCCN (DPL NO)
LC control number ENG-113986
020 ## - INTERNATIONAL STANDARD BOOK NUMBER
Terms of availability 295.00
International Standard Book Number 0198082215
020 ## - INTERNATIONAL STANDARD BOOK NUMBER
Terms of availability 295.00
International Standard Book Number 9780198082217
035 ## - SYSTEM CONTROL NUMBER
System control number EN-97518
037 ## - SOURCE OF ACQUISITION
Source of stock number/acquisition DBAD/PUB
Stock number dpl
082 ## - DEWEY DECIMAL CLASSIFICATION NUMBER
Classification number 327.54
100 ## - MAIN ENTRY--PERSONAL NAME
Personal name Ganguly, Sumit
245 ## - TITLE STATEMENT
Title Indian foreign policy /
Statement of responsibility, etc by Sumit Ganguly
260 ## - PUBLICATION, DISTRIBUTION, ETC. (IMPRINT)
Place of publication, distribution, etc New Delhi
Name of publisher, distributor, etc Oxford University Press
Date of publication, distribution, etc 2015
270 ## - ADDRESS
Address YMCA Library Building, 1, Jai Singh Road,
City New Delhi
Postal code 110001
300 ## - PHYSICAL DESCRIPTION
Extent 210p.
Dimensions 20cm(pbk)
490 ## - SERIES STATEMENT
Series statement Oxford India short introductions
500 ## - GENERAL NOTE
General note Includes bibliographical references and index
942 ## - ADDED ENTRY ELEMENTS (KOHA)
Source of classification or shelving scheme Dewey Decimal Classification
Item type English Books
Call number suffix GAN
Classification part 327.54
Holdings
Withdrawn status Lost status Not for loan Collection code Home library Current library Date acquired Source of acquisition Cost, normal purchase price Full call number Barcode Copy number Cost, replacement price Koha item type
    Not For Loan Non-fiction D.B.Act.Division D.B.Act.Division 08/09/2015 DBAD/PUB 295.00 327.54 GAN EN-97518 1 295.00 English Books

© Delhi Public Library
Hit Counter
free hit counter